[Rezension von: Entorf, Horst, 1955-2020, Crime in Europe]

Gespeichert in:  
Bibliographische Detailangaben
1. VerfasserIn: Oberwittler, Dietrich 1963- (Verfasst von)
Beteiligte: Entorf, Horst 1955-2020 (VerfasserIn des Bezugswerks) ; Spengler, Hannes 1969- (VerfasserIn des Bezugswerks)
Medienart: Druck Rezension
Sprache:Deutsch
Veröffentlicht: 2003
In: Kriminologisches Journal
Jahr: 2003, Band: 35, Heft: 2, Seiten: 147-149
Online-Zugang: Volltext (kostenfrei)
Volltext (kostenfrei)
Volltext (kostenfrei)
Rechteinformation:InC 1.0
Verfügbarkeit prüfen: HBZ Gateway
Schlagwörter:

MARC

LEADER 00000caa a2200000 c 4500
001 1941676774
003 DE-627
005 20260505104802.0
007 tu
008 251120s2003 xx ||||| o 00| ||ger c
035 |a (DE-627)1941676774 
035 |a (DE-599)KXP1941676774 
040 |a DE-627  |b ger  |c DE-627  |e rda 
041 |a ger 
084 |a 2,1  |2 ssgn 
100 1 |a Oberwittler, Dietrich  |d 1963-  |e VerfasserIn  |0 (DE-588)13015461X  |0 (DE-627)491898800  |0 (DE-576)168421852  |4 aut 
109 |a Oberwittler, Dietrich 1963-  |a Oberwittler, D. 1963- 
245 1 0 |a [Rezension von: Entorf, Horst, 1955-2020, Crime in Europe]  |c Dietrich Oberwittler, Freiburg 
264 1 |c 2003 
336 |a Text  |b txt  |2 rdacontent 
337 |a ohne Hilfsmittel zu benutzen  |b n  |2 rdamedia 
338 |a Band  |b nc  |2 rdacarrier 
540 |q DE-2619  |a  Urheberrechtsschutz 1.0  |2 rs  |u http://rightsstatements.org/vocab/InC/1.0/ 
655 7 |a Rezension  |0 (DE-588)4049712-4  |0 (DE-627)106186019  |0 (DE-576)209083166  |2 gnd-content 
700 1 |a Entorf, Horst  |d 1955-2020  |e VerfasserIn des Bezugswerks  |0 (DE-588)118176730  |0 (DE-627)079288138  |0 (DE-576)291753590  |4 ant 
700 1 |a Spengler, Hannes  |d 1969-  |e VerfasserIn des Bezugswerks  |0 (DE-588)123486076  |0 (DE-627)082582874  |0 (DE-576)293729301  |4 ant 
773 0 8 |i Enthalten in  |t Kriminologisches Journal  |d Weinheim : Beltz Juventa, 1969  |g 35(2003), 2, Seite 147-149  |w (DE-627)130092207  |w (DE-600)500591-7  |w (DE-576)018208223  |x 0341-1966  |7 nnas 
773 1 8 |g volume:35  |g year:2003  |g number:2  |g pages:147-149 
776 1 |o 10.15496/publikation-120031 
787 0 8 |i Rezension von  |a Entorf, Horst, 1955 - 2020  |t Crime in Europe  |d Berlin : Springer, 2002  |h IX, 235 S.  |w (DE-627)341367575  |w (DE-576)094651760  |z 3540423265 
856 4 1 |u http://hdl.handle.net/10900/178707  |x Resolving-System  |z kostenfrei  |3 Volltext  |7 0 
856 4 1 |u http://nbn-resolving.org/urn:nbn:de:bsz:21-dspace-1787070  |x Resolving-System  |z kostenfrei  |3 Volltext  |7 0 
856 4 1 |u https://doi.org/10.15496/publikation-120031  |x Resolving-System  |z kostenfrei  |3 Volltext  |7 0 
951 |a AR 
ELC |b 1 
LOK |0 000 xxxxxcx a22 zn 4500 
LOK |0 001 4809187039 
LOK |0 003 DE-627 
LOK |0 004 1941676774 
LOK |0 005 20251120085324 
LOK |0 008 251120||||||||||||||||ger||||||| 
LOK |0 040   |a DE-2619  |c DE-627  |d DE-2619 
LOK |0 092   |o n 
LOK |0 852   |a DE-2619 
LOK |0 852 1  |9 00 
LOK |0 939   |a 2025-11-20  |b l01 
OAS |a 1 
ORI |a WA-MARC-krimdoka001.raw